Tục ngữ ca dao chọn lọc Ca dao Việt Nam
Shranjeno v:
| Glavni avtor: | |
|---|---|
| Format: | Knjiga |
| Jezik: | Undetermined |
| Izdano: |
Đồng Nai
Nxb. Đồng Nai
1999
|
| Teme: | |
| Oznake: |
Označite
Brez oznak, prvi označite!
|
| Thư viện lưu trữ: | Trung tâm Học liệu Trường Đại học Cần Thơ |
|---|
| LEADER | 00584nam a2200205Ia 4500 | ||
|---|---|---|---|
| 001 | CTU_36527 | ||
| 008 | 210402s9999 xx 000 0 und d | ||
| 020 | |b 13.000đ | ||
| 082 | |a 398.9495 | ||
| 082 | |b Kh107 | ||
| 100 | |a Châu Nhiên Khanh | ||
| 245 | 0 | |a Tục ngữ ca dao chọn lọc | |
| 245 | 0 | |b Ca dao Việt Nam | |
| 245 | 0 | |c Châu Nhiên Khanh | |
| 260 | |a Đồng Nai | ||
| 260 | |b Nxb. Đồng Nai | ||
| 260 | |c 1999 | ||
| 650 | |a folk literature, vietnamese,proverbs | ||
| 904 | |i Minh, 000508 | ||
| 980 | |a Trung tâm Học liệu Trường Đại học Cần Thơ | ||